01402nam a2200217Ia 4500952012300000999001700123008004100140020001800181050003100199110002700230245009900257250001900356260003200375300003800407500002300445500012800468505047900596519004501075650005701120942000701177 00102lcc4070a04b04d2011-03-09l3oC KGF1054.31989 M49 2011p04 003080r2013-11-12s2013-11-11t1w2012-06-24yLB c62686d62686120625s2011 mx l 001 0 sp d a9786074062144 4aC KGF1054.31989 bM49 20111 aMéxico. Leyes, etc. 1 aAgenda Mercantil Básica 2011b : compendio básico de leyes y reglamentos sobre la materia  a2a. edición  aMéxicob : ISEF c , 2011 a[paginación varia] c ; 18 cm.  a1a. edición 2010 a"Esta edición contiene las disposiciones publicadas hasta la fecha de impresión de este producto; 03 de enero de 2011" 0 aCódigo de Comercio Ley General de Sociedades Mercantiles Ley General de Títulos y Operaciones de Crédito Ley de Concursos Mercantiles Ley General de Sociedades Cooperativas Decreto por el que se Crea una Nueva Unidad del Sistema Monetario de los Estados Unidos Mexicanos Resolución por la que se Desmonetizan los Billetes Denominados únicamente en Pesos Aviso por el que se Informa que a partir del 01/01/96 se Suprime la Palabra Nuevo del Nombre de Unidad  aMaterial Complementario / d(04 003080)  4aDERECHO MERCANTILvLEYES Y LEGISLACIÓN zMÉXICO  cLB